Starch : (Record no. 51993)

MARC details
000 -LEADER
fixed length control field 00612nam a2200217Ia 4500
005 - DATE AND TIME OF LATEST TRANSACTION
control field 20260429112030.0
008 - FIXED-LENGTH DATA ELEMENTS--GENERAL INFORMATION
fixed length control field 260429s9999||||xx |||||||||||||| ||und||
020 ## - INTERNATIONAL STANDARD BOOK NUMBER
International Standard Book Number 9781032647166
041 ## - LANGUAGE CODE
Language English
082 ## - DEWEY DECIMAL CLASSIFICATION NUMBER
Classification number 664.2
Item number BAN
100 ## - MAIN ENTRY--PERSONAL NAME
Personal name Bangar, Sneh Punia
245 #0 - TITLE STATEMENT
Title Starch :
Remainder of title structure, properties, and modifications for food applications /
Statement of responsibility, etc Sneh Punia Bangar
250 ## - EDITION STATEMENT
Edition statement 1st ed.
260 ## - PUBLICATION, DISTRIBUTION, ETC. (IMPRINT)
Place of publication, distribution, etc Boca Raton :
Name of publisher, distributor, etc CRC Press,
Date of publication, distribution, etc 2025.
300 ## - PHYSICAL DESCRIPTION
Extent xxii, 386 p.; hb
650 ## - SUBJECT ADDED ENTRY--TOPICAL TERM
Topical term or geographic name as entry element Starch
650 ## - SUBJECT ADDED ENTRY--TOPICAL TERM
Topical term or geographic name as entry element Food technology
700 ## - ADDED ENTRY--PERSONAL NAME
Personal name Siroha, Anil Kumar
700 ## - ADDED ENTRY--PERSONAL NAME
Personal name Sunooj, K.V.
942 ## - ADDED ENTRY ELEMENTS (KOHA)
Koha item type Text Books
Holdings
Withdrawn status Lost status Damaged status Not for loan Collection code Home library Location Shelving location Date of Cataloging Source of acquisition Total Checkouts Full call number Barcode Date last seen Price effective from Koha item type
        Non-fiction CUTN Central Library CUTN Central Library Medicine, Technology & Management 29/04/2026 Overseas Press, New Delhi - Invoice No. IN32831 on 09-02-2026   664.2 BAN 57036 29/04/2026 29/04/2026 Text Books